00269nam a2200109Ia 4500008004100000082001700041100002000058245002300078260004200101300000800143650000800151240116s9999 xx 000 0 und d a345.9bMAH-C aMahmood, Shukat 0aContract Act, 1872 aPakistanblegal Research centerc2022 a329 aLaw